Statistics for AFL Premiers

Click here to take the quiz!

General Stats

  • This quiz has been taken 68 times
  • The average score is 27 of 47

Answer Stats

YearPremier% Correct
2016Bulldogs
96%
2015Hawks
91%
2014Hawks
91%
2013Hawks
91%
2011Cats
89%
2010Magpies
87%
2012Swans
87%
2009Cats
83%
2007Cats
80%
2008Hawks
80%
2003Lions
80%
2002Lions
80%
2001Lions
80%
2000Bombers
78%
1999Kangaroos
76%
1997Crows
74%
2006Eagles
74%
2004Power
74%
2005Swans
74%
1998Crows
72%
1995Blues
63%
1996Kangaroos
59%
1994Eagles
57%
1993Bombers
52%
1992Eagles
50%
1989Hawks
48%
1990Magpies
48%
1988Hawks
46%
1991Hawks
41%
1970Blues
39%
1982Blues
37%
1987Blues
37%
1981Blues
35%
1979Blues
35%
1972Blues
35%
1984Bombers
35%
1985Bombers
35%
1986Hawks
35%
1983Hawks
33%
1977Kangaroos
33%
1980Tigers
30%
1971Hawks
28%
1975Kangaroos
28%
1973Tigers
28%
1976Hawks
26%
1978Hawks
26%
1974Tigers
24%

Score Distribution

Percentile by Number Answered

Percent of People with Each Score

Your Score History

You have not taken this quiz